000 00777cab a2200229 4500
001 WB3444-29
008 090401t1998 xxu||||| |||| 00| 0 eng d
035 _a(Sirsi) u89799
041 _aeng
245 4 _aThe best laid plans
260 _c1998
350 _a0
490 _aIndependent supplement
_v18 November 1998, 13(1)
520 _aProblems with the leasehold system are leading to increasing calls for reform to make it easier for leaseholders to acquire the freehold of theor properties, and to give them more control over how their properties are managed.
650 _aFREEHOLDS
650 _aLEASEHOLD REFORM
650 _aLEASHOLDERS
650 _aRESIDENTIAL PROPERTY
_96266
690 _aBlock management
_96220
942 _n0
948 _c18/11/1998
999 _c56844
_d56844